Definitions for the law of the sea: terms not defined by the 1982 convention

Wedi'i Gadw mewn:
Manylion Llyfryddiaeth
Prif Awdur: Walker, George K (Awdur)
Fformat: Llyfr
Iaith:Saesneg
Cyhoeddwyd: Leiden Martinus Nijhoff Publishers 2012
Rhifyn:1a. ed
Pynciau:
Tagiau: Ychwanegu Tag
Dim Tagiau, Byddwch y cyntaf i dagio'r cofnod hwn!

MARC

LEADER 00000cam a2200000 a 4500
001 UCE2500
003 CL-VaPUC
008 140710e20120000ne |||||||||||||||||eng|d
020 |a 9789004211605 
082 0 4 |a 341.45  |b WAL  |2 21 
100 0 |a Walker, George K  |e author  |9 574957 
245 1 0 |a Definitions for the law of the sea: terms not defined by the 1982 convention 
250 |a 1a. ed 
300 |a 337 p 
942 |c BK 
945 |d 20140710 11:54:00  |a dcastane 
260 |a Leiden  |b Martinus Nijhoff Publishers  |c 2012 
650 0 |a Derecho marítimo  |9 255301 
650 0 |a Derecho marítimo internacional   |9 352896 
583 |a last modification  |c 20140710 11:54:00  |k Rodrigo Vera 
999 |c 356090  |d 356088 
952 |0 0  |1 0  |3 erd  |4 0  |6 341_450000000000000_WAL_2012  |7 0  |8 A  |9 463213  |a BIBDER  |b BIBDER  |i 5088518  |l 1  |m 3  |o 341.45 WAL 2012  |p 5088518  |q 2025-12-31  |r 2020-03-16  |s 2020-03-16  |w 2019-11-23  |y BK  |z Catalogado en:20140710  |k DER